Perspektívy energetickej spolupráce medzi EÚ a Kanadou v zmysle dohody CETA diplomová práca

Na minha lista:
Detalhes bibliográficos
Autor principal: Meliš, Marek
Autor Corporativo: Obchodná fakulta EU. Katedra medzinárodného obchodu
Outros Autores: Ružeková, Viera, 1957-
Formato: Livro
Idioma:eslovaco
Publicado em: Bratislava 2018
Tags: Adicionar Tag
Sem tags, seja o primeiro a adicionar uma tag!

MARC

LEADER 00000nbm a2200000 4500
001 0243416
005 20181003113033.8
041 0 |a slo 
044 |a SK 
245 1 0 |a Perspektívy energetickej spolupráce medzi EÚ a Kanadou v zmysle dohody CETA  |b diplomová práca  |c Marek Meliš ; školiteľ: Viera Ružeková 
264 1 |a Bratislava  |c 2018 
300 |a 83 s. 
100 1 |a Meliš, Marek 
700 1 |a Ružeková, Viera, 1957- 
710 2 |a Obchodná fakulta EU. Katedra medzinárodného obchodu